|
|
|
|
| LEADER |
00000naa2a2200000 4500 |
| 001 |
192168 |
| 005 |
20260114120415.0 |
| 035 |
|
|
|a (RuTPU)RU\TPU\book\209550
|
| 090 |
|
|
|a 192168
|
| 100 |
|
|
|a 20110218d2010 k y0rusy50 ca
|
| 101 |
0 |
|
|a rus
|
| 102 |
|
|
|a RU
|
| 200 |
1 |
|
|a Подземный водный сток в Южнотаёжной подзоне бассейна Средней Оби
|f О. А. Камнева
|g науч. рук. О. Г. Савичев
|
| 320 |
|
|
|a Библиогр.: 8 назв.
|
| 461 |
|
1 |
|0 (RuTPU)RU\TPU\book\205901
|y 978-5-98298-729-7
|t Проблемы геологии и освоения недр
|o труды XIV Международного симпозиума имени академика М. А. Усова студентов и молодых ученых, посвященного 65-летию Победы советского народа над фашистской Германией в Великой Отечественной войне 1941-1945 гг., 5-9 апреля 2010 г. г. Томск
|o в 2 т.
|f Томский политехнический университет (ТПУ), Институт геологии и нефтегазового дела (ИГНД) ; под ред. В. А. Домаренко
|d 2010
|
| 463 |
|
1 |
|0 (RuTPU)RU\TPU\book\205106
|y 978-5-98298-730-3
|t Т. 1
|v С. 363-365
|d 2010
|
| 610 |
1 |
|
|a подземные воды
|
| 610 |
1 |
|
|a сток
|
| 610 |
1 |
|
|a реки
|
| 610 |
1 |
|
|a Обь
|
| 610 |
1 |
|
|a бассейны рек
|
| 610 |
1 |
|
|a труды учёных ТПУ
|
| 700 |
|
1 |
|a Камнева
|b О. А.
|
| 702 |
|
1 |
|a Савичев
|b О. Г.
|4 727
|
| 801 |
|
1 |
|a RU
|b 63413507
|c 20110218
|
| 801 |
|
2 |
|a RU
|b 63413507
|c 20140122
|g RCR
|
| 942 |
|
|
|c BK
|